<?xml version="1.0" encoding="UTF-8"?>
<collection xmlns="http://www.loc.gov/MARC21/slim">
 <record>
  <leader>07394cam a2200913   4500</leader>
  <controlfield tag="001">861837339</controlfield>
  <controlfield tag="003">DE-627</controlfield>
  <controlfield tag="005">20241120161112.0</controlfield>
  <controlfield tag="007">tu</controlfield>
  <controlfield tag="008">160623s2016    gw ||||| cccc 00| ||ger c</controlfield>
  <datafield tag="015" ind1=" " ind2=" ">
   <subfield code="a">16,N25</subfield>
   <subfield code="2">dnb</subfield>
  </datafield>
  <datafield tag="016" ind1="7" ind2=" ">
   <subfield code="a">1103689002</subfield>
   <subfield code="2">DE-101</subfield>
  </datafield>
  <datafield tag="020" ind1=" " ind2=" ">
   <subfield code="a">9783958292048</subfield>
   <subfield code="c"> : EUR 48.00 (DE), EUR 49.40 (AT)</subfield>
   <subfield code="9">978-3-95829-204-8</subfield>
  </datafield>
  <datafield tag="024" ind1="3" ind2=" ">
   <subfield code="a">9783958292048</subfield>
  </datafield>
  <datafield tag="035" ind1=" " ind2=" ">
   <subfield code="a">(DE-627)861837339</subfield>
  </datafield>
  <datafield tag="035" ind1=" " ind2=" ">
   <subfield code="a">(DE-576)473111209</subfield>
  </datafield>
  <datafield tag="035" ind1=" " ind2=" ">
   <subfield code="a">(DE-599)DNB1103689002</subfield>
  </datafield>
  <datafield tag="035" ind1=" " ind2=" ">
   <subfield code="a">(OCoLC)952227641</subfield>
  </datafield>
  <datafield tag="035" ind1=" " ind2=" ">
   <subfield code="a">(OCoLC)954832778</subfield>
  </datafield>
  <datafield tag="035" ind1=" " ind2=" ">
   <subfield code="a">(DE-Rt5)4803789</subfield>
  </datafield>
  <datafield tag="040" ind1=" " ind2=" ">
   <subfield code="a">DE-627</subfield>
   <subfield code="b">ger</subfield>
   <subfield code="c">DE-627</subfield>
   <subfield code="e">rda</subfield>
  </datafield>
  <datafield tag="041" ind1=" " ind2=" ">
   <subfield code="a">ger</subfield>
  </datafield>
  <datafield tag="044" ind1=" " ind2=" ">
   <subfield code="c">XA-DE-NI</subfield>
   <subfield code="c">XA-DE</subfield>
  </datafield>
  <datafield tag="082" ind1="0" ind2=" ">
   <subfield code="a">779.092</subfield>
   <subfield code="q">DE-101</subfield>
   <subfield code="2">22/ger</subfield>
  </datafield>
  <datafield tag="082" ind1="0" ind2="4">
   <subfield code="a">770</subfield>
   <subfield code="q">DE-101</subfield>
  </datafield>
  <datafield tag="084" ind1=" " ind2=" ">
   <subfield code="a">Ryk 2 Keetman, P</subfield>
   <subfield code="2">asb</subfield>
  </datafield>
  <datafield tag="084" ind1=" " ind2=" ">
   <subfield code="a">WSK</subfield>
   <subfield code="2">ssd</subfield>
  </datafield>
  <datafield tag="084" ind1=" " ind2=" ">
   <subfield code="a">Ku 2280 Keetman, Peter</subfield>
   <subfield code="2">sfb</subfield>
  </datafield>
  <datafield tag="084" ind1=" " ind2=" ">
   <subfield code="a">KU 2280 KEE</subfield>
   <subfield code="2">sfb</subfield>
  </datafield>
  <datafield tag="084" ind1=" " ind2=" ">
   <subfield code="a">K 911 Keetman, P</subfield>
   <subfield code="2">kab</subfield>
  </datafield>
  <datafield tag="084" ind1=" " ind2=" ">
   <subfield code="a">AP 94100</subfield>
   <subfield code="q">BSZ</subfield>
   <subfield code="2">rvk</subfield>
   <subfield code="0">(DE-625)rvk/8146:</subfield>
  </datafield>
  <datafield tag="084" ind1=" " ind2=" ">
   <subfield code="a">LH 42610</subfield>
   <subfield code="q">DA-3</subfield>
   <subfield code="2">rvk</subfield>
   <subfield code="0">(DE-625)rvk/93475:</subfield>
  </datafield>
  <datafield tag="084" ind1=" " ind2=" ">
   <subfield code="a">20.31</subfield>
   <subfield code="2">bkl</subfield>
  </datafield>
  <datafield tag="084" ind1=" " ind2=" ">
   <subfield code="a">21.42</subfield>
   <subfield code="2">bkl</subfield>
  </datafield>
  <datafield tag="100" ind1="1" ind2=" ">
   <subfield code="a">Keetman, Peter</subfield>
   <subfield code="d">1916-2005</subfield>
   <subfield code="e">FotografIn</subfield>
   <subfield code="0">(DE-588)118809164</subfield>
   <subfield code="0">(DE-627)079583156</subfield>
   <subfield code="0">(DE-576)209530693</subfield>
   <subfield code="4">pht</subfield>
  </datafield>
  <datafield tag="245" ind1="1" ind2="0">
   <subfield code="a">Peter Keetman</subfield>
   <subfield code="b">gestaltete Welt</subfield>
   <subfield code="c">Herausgeber F.C. Gundlach ; Redaktion Florian Ebner, Sebastian Lux, Petra Steinhardt ; Museum Folkwang ; Stiftung F.C. Gundlach</subfield>
  </datafield>
  <datafield tag="246" ind1="3" ind2="3">
   <subfield code="a">Gestaltete Welt</subfield>
  </datafield>
  <datafield tag="250" ind1=" " ind2=" ">
   <subfield code="a">Erste Auflage</subfield>
  </datafield>
  <datafield tag="264" ind1=" " ind2="1">
   <subfield code="a">Göttingen</subfield>
   <subfield code="b">Steidl</subfield>
   <subfield code="c">2016</subfield>
  </datafield>
  <datafield tag="300" ind1=" " ind2=" ">
   <subfield code="a">295 Seiten</subfield>
   <subfield code="c">29 cm</subfield>
   <subfield code="e">1 Beilage</subfield>
  </datafield>
  <datafield tag="336" ind1=" " ind2=" ">
   <subfield code="a">unbewegtes Bild</subfield>
   <subfield code="b">sti</subfield>
   <subfield code="2">rdacontent</subfield>
  </datafield>
  <datafield tag="336" ind1=" " ind2=" ">
   <subfield code="a">Text</subfield>
   <subfield code="b">txt</subfield>
   <subfield code="2">rdacontent</subfield>
  </datafield>
  <datafield tag="337" ind1=" " ind2=" ">
   <subfield code="a">ohne Hilfsmittel zu benutzen</subfield>
   <subfield code="b">n</subfield>
   <subfield code="2">rdamedia</subfield>
  </datafield>
  <datafield tag="338" ind1=" " ind2=" ">
   <subfield code="a">Band</subfield>
   <subfield code="b">nc</subfield>
   <subfield code="2">rdacarrier</subfield>
  </datafield>
  <datafield tag="361" ind1="1" ind2=" ">
   <subfield code="5">DE-H13</subfield>
   <subfield code="y">1637789270</subfield>
   <subfield code="s">Keetman2016-4</subfield>
   <subfield code="o">Zugang</subfield>
   <subfield code="a">Gaßner, Hubertus</subfield>
   <subfield code="0">(DE-588)131375210</subfield>
   <subfield code="0">(DE-627)508493129</subfield>
   <subfield code="0">(DE-576)161067700</subfield>
   <subfield code="k">2016-09-23</subfield>
  </datafield>
  <datafield tag="361" ind1="1" ind2=" ">
   <subfield code="5">DE-H13</subfield>
   <subfield code="y">1637789270</subfield>
   <subfield code="s">Keetman2016-4</subfield>
   <subfield code="o">Zugang</subfield>
   <subfield code="a">Stiftung F.C. Gundlach</subfield>
   <subfield code="0">(DE-588)1086902351</subfield>
   <subfield code="0">(DE-627)849257093</subfield>
   <subfield code="0">(DE-576)457744081</subfield>
   <subfield code="k">2016-09-23</subfield>
  </datafield>
  <datafield tag="500" ind1=" " ind2=" ">
   <subfield code="a">&quot;Das Buch erscheint zur Ausstellung 'Peter Keetman. Gestaltete Welt. Ein fotografisches Lebenswerk'. Eine Ausstellung des Museum Folkwang und der Stiftung F.C. Gundlach. ... Museum Folkwang, Essen, 2. Juni-31. Juli 2016, Haus der Photographie in den Deichtorhallen Hamburg, 18. November 2016-12. Februar 2017, Kunstfoyer der Versicherungskammer Kulturstiftung, München, 31. Mai-10. September 2017&quot; - Kolophon</subfield>
  </datafield>
  <datafield tag="500" ind1=" " ind2=" ">
   <subfield code="a">&quot;Das Buch erscheint zur Ausstellung Peter Keetmann, gestaltete Welt, ein fotografisches Lebenswerk. Eine Ausstellung des Museum Folkwang und der Stiftung F. C. Gundlach, Museum Folkwang, Essen, 2. Juni - 31. Juli 2016; Haus der Photographie in den Deichtorhallen Hamburg, 18. November 2016 - 12. Februar 2017; Kunstfoyer der Versicherungskammer Kulturstiftung, München, 31. Mai - 10. September 2017&quot;</subfield>
  </datafield>
  <datafield tag="520" ind1=" " ind2=" ">
   <subfield code="a">Anlässlich seines 100. Geburtstags wird das fotografische Lebenswerk Peter Keetmans (1916–2005) in dieser umfangreichen Retrospektive neu zu entdecken sein. Sein Werk nimmt einen zentralen Platz in der fotografischen Nachkriegsmoderne Deutschlands ein. Wie es der Titel der Ausstellung »Gestaltete Welt« zum Ausdruck bringt, führt es zwei zentrale Strömungen dieser Jahre zusammen. Auf der einen Seite den modernistischen Willen zur Form, zur Gestaltung, zum Experiment und zur Abstraktion, auf der anderen Seite einen humanistischen Weltbezug und die Hinwendung zum Wiederaufbau, zur Stadt, zur Natur, bis hin in ihre elementaren Bausteine. Kennzeichnend für Keetmans Arbeit ist die stetige und schöpferische Auseinandersetzung mit den Gestaltungsmöglichkeiten der Kamera auf der Suche nach einer lebendigen Fotografie. Ende der 1940er Jahre gehörte er zu den jungen Wilden der Gruppe fotoform, die, inspiriert von den Experimenten der Vorkriegsavantgarden, eine neue Sprache der Fotografie entwickelte, basierend auf formaler Reduktion, auf der gestalterischen Kraft des Lichts und der Subjektivität individueller Welterfahrung</subfield>
  </datafield>
  <datafield tag="561" ind1=" " ind2=" ">
   <subfield code="5">DE-H13</subfield>
   <subfield code="3">Exemplarsatz-ID: 1637789270, Signatur: Keetman2016-4</subfield>
   <subfield code="a">Zugang: Gaßner, Hubertus ; http://d-nb.info/gnd/131375210 / Datierung: 2016-09-23</subfield>
  </datafield>
  <datafield tag="561" ind1=" " ind2=" ">
   <subfield code="5">DE-H13</subfield>
   <subfield code="3">Exemplarsatz-ID: 1637789270, Signatur: Keetman2016-4</subfield>
   <subfield code="a">Zugang: Stiftung F.C. Gundlach ; http://d-nb.info/gnd/1086902351 / Datierung: 2016-09-23</subfield>
  </datafield>
  <datafield tag="583" ind1="1" ind2=" ">
   <subfield code="a">Archivierung/Langzeitarchivierung gewährleistet</subfield>
   <subfield code="f">PENI</subfield>
   <subfield code="x">XA-DE-NI</subfield>
   <subfield code="2">pdager</subfield>
   <subfield code="5">DE-35</subfield>
  </datafield>
  <datafield tag="655" ind1=" " ind2="7">
   <subfield code="a">Ausstellungskatalog</subfield>
   <subfield code="y">2016</subfield>
   <subfield code="z">Essen</subfield>
   <subfield code="0">(DE-588)4135467-9</subfield>
   <subfield code="0">(DE-627)10566491X</subfield>
   <subfield code="0">(DE-576)209660988</subfield>
   <subfield code="2">gnd-content</subfield>
  </datafield>
  <datafield tag="655" ind1=" " ind2="7">
   <subfield code="a">Bildband</subfield>
   <subfield code="0">(DE-588)4145395-5</subfield>
   <subfield code="0">(DE-627)104450835</subfield>
   <subfield code="0">(DE-576)209741139</subfield>
   <subfield code="2">gnd-content</subfield>
  </datafield>
  <datafield tag="655" ind1=" " ind2="7">
   <subfield code="a">Ausstellungskatalog</subfield>
   <subfield code="x">Deichtorhallen Hamburg, Haus der Photographie</subfield>
   <subfield code="y">18.11.2016-12.02.2017</subfield>
   <subfield code="z">Hamburg</subfield>
   <subfield code="0">(DE-588)4135467-9</subfield>
   <subfield code="0">(DE-627)10566491X</subfield>
   <subfield code="0">(DE-576)209660988</subfield>
   <subfield code="2">gnd-content</subfield>
  </datafield>
  <datafield tag="655" ind1=" " ind2="7">
   <subfield code="a">Ausstellungskatalog</subfield>
   <subfield code="x">Versicherungskammer Kulturstiftung, Kunstfoyer</subfield>
   <subfield code="y">31.05.2017-10.09.2017</subfield>
   <subfield code="z">München</subfield>
   <subfield code="0">(DE-588)4135467-9</subfield>
   <subfield code="0">(DE-627)10566491X</subfield>
   <subfield code="0">(DE-576)209660988</subfield>
   <subfield code="2">gnd-content</subfield>
  </datafield>
  <datafield tag="655" ind1=" " ind2="7">
   <subfield code="a">Ausstellungskatalog</subfield>
   <subfield code="x">Museum Folkwang</subfield>
   <subfield code="y">02.06.2016-31.07.2016</subfield>
   <subfield code="z">Essen</subfield>
   <subfield code="0">(DE-588)4135467-9</subfield>
   <subfield code="0">(DE-627)10566491X</subfield>
   <subfield code="0">(DE-576)209660988</subfield>
   <subfield code="2">gnd-content</subfield>
  </datafield>
  <datafield tag="689" ind1="0" ind2="0">
   <subfield code="d">p</subfield>
   <subfield code="0">(DE-588)118809164</subfield>
   <subfield code="0">(DE-627)079583156</subfield>
   <subfield code="0">(DE-576)209530693</subfield>
   <subfield code="a">Keetman, Peter</subfield>
   <subfield code="d">1916-2005</subfield>
   <subfield code="2">gnd</subfield>
  </datafield>
  <datafield tag="689" ind1="0" ind2="1">
   <subfield code="d">s</subfield>
   <subfield code="0">(DE-588)4045895-7</subfield>
   <subfield code="0">(DE-627)104434880</subfield>
   <subfield code="0">(DE-576)209067160</subfield>
   <subfield code="a">Fotografie</subfield>
   <subfield code="2">gnd</subfield>
  </datafield>
  <datafield tag="689" ind1="0" ind2=" ">
   <subfield code="5">DE-101</subfield>
  </datafield>
  <datafield tag="700" ind1="1" ind2=" ">
   <subfield code="a">Gundlach, Franz C.</subfield>
   <subfield code="d">1926-2021</subfield>
   <subfield code="e">HerausgeberIn</subfield>
   <subfield code="0">(DE-588)118761242</subfield>
   <subfield code="0">(DE-627)079541194</subfield>
   <subfield code="0">(DE-576)168702843</subfield>
   <subfield code="4">edt</subfield>
  </datafield>
  <datafield tag="700" ind1="1" ind2=" ">
   <subfield code="a">Ebner, Florian</subfield>
   <subfield code="d">1970-</subfield>
   <subfield code="e">HerausgeberIn</subfield>
   <subfield code="0">(DE-588)131945343</subfield>
   <subfield code="0">(DE-627)516189824</subfield>
   <subfield code="0">(DE-576)18514778X</subfield>
   <subfield code="4">edt</subfield>
  </datafield>
  <datafield tag="700" ind1="1" ind2=" ">
   <subfield code="a">Lux, Sebastian</subfield>
   <subfield code="d">1971-</subfield>
   <subfield code="e">HerausgeberIn</subfield>
   <subfield code="0">(DE-588)134204239</subfield>
   <subfield code="0">(DE-627)563000929</subfield>
   <subfield code="0">(DE-576)300374674</subfield>
   <subfield code="4">edt</subfield>
  </datafield>
  <datafield tag="700" ind1="1" ind2=" ">
   <subfield code="a">Steinhardt, Petra</subfield>
   <subfield code="e">HerausgeberIn</subfield>
   <subfield code="0">(DE-588)1056723645</subfield>
   <subfield code="0">(DE-627)794960901</subfield>
   <subfield code="0">(DE-576)412168650</subfield>
   <subfield code="4">edt</subfield>
  </datafield>
  <datafield tag="710" ind1="2" ind2=" ">
   <subfield code="a">Museum Folkwang</subfield>
   <subfield code="e">Herausgebendes Organ</subfield>
   <subfield code="0">(DE-588)4018390-7</subfield>
   <subfield code="0">(DE-627)106326139</subfield>
   <subfield code="0">(DE-576)208924140</subfield>
   <subfield code="4">isb</subfield>
   <subfield code="4">orm</subfield>
  </datafield>
  <datafield tag="710" ind1="2" ind2=" ">
   <subfield code="a">Stiftung F.C. Gundlach</subfield>
   <subfield code="e">Herausgebendes Organ</subfield>
   <subfield code="0">(DE-588)1086902351</subfield>
   <subfield code="0">(DE-627)849257093</subfield>
   <subfield code="0">(DE-576)457744081</subfield>
   <subfield code="4">isb</subfield>
  </datafield>
  <datafield tag="710" ind1="2" ind2=" ">
   <subfield code="a">Steidl Verlag</subfield>
   <subfield code="e">Verlag</subfield>
   <subfield code="0">(DE-588)5254575-1</subfield>
   <subfield code="0">(DE-627)236446118</subfield>
   <subfield code="0">(DE-576)196589770</subfield>
   <subfield code="4">pbl</subfield>
  </datafield>
  <datafield tag="787" ind1="0" ind2="8">
   <subfield code="i">Rezensiert in</subfield>
   <subfield code="a">Klöpper, Nina</subfield>
   <subfield code="t">[Rezension von: F.C. Gundlach (Hrsg.), Peter Keetman]</subfield>
   <subfield code="d">2018</subfield>
   <subfield code="w">(DE-627)1787866645</subfield>
  </datafield>
  <datafield tag="856" ind1="4" ind2="2">
   <subfield code="u">http://deposit.dnb.de/cgi-bin/dokserv?id=5f2fe1da0f3b4976867adbc4263f4ce9&amp;prov=M&amp;dok_var=1&amp;dok_ext=htm</subfield>
   <subfield code="m">X: MVB</subfield>
   <subfield code="q">text/html</subfield>
   <subfield code="v">2016-06-22</subfield>
   <subfield code="x">Verlag</subfield>
   <subfield code="3">Inhaltstext</subfield>
  </datafield>
  <datafield tag="935" ind1=" " ind2=" ">
   <subfield code="i">Blocktest</subfield>
  </datafield>
  <datafield tag="936" ind1="r" ind2="v">
   <subfield code="a">AP 94100</subfield>
   <subfield code="b">Biografien, Memoiren, Tagebücher, Briefe, Bildbände einzelner Fotografen</subfield>
   <subfield code="k">Allgemeines</subfield>
   <subfield code="k">Medien- und Kommunikationswissenschaften, Medienkulturwissenschaft, Kommunikationsdesign</subfield>
   <subfield code="k">Fotografie</subfield>
   <subfield code="k">Biografie, Geschichte</subfield>
   <subfield code="k">Biografien, Memoiren, Tagebücher, Briefe, Bildbände einzelner Fotografen</subfield>
   <subfield code="0">(DE-627)127063609X</subfield>
   <subfield code="0">(DE-625)rvk/8146:</subfield>
   <subfield code="0">(DE-576)20063609X</subfield>
  </datafield>
  <datafield tag="936" ind1="r" ind2="v">
   <subfield code="a">LH 42610</subfield>
   <subfield code="b">Essen</subfield>
   <subfield code="k">Kunstgeschichte</subfield>
   <subfield code="k">Allgemeines. Allgemeine Kunstgeschichte</subfield>
   <subfield code="k">Ausstellungswesen, Ausstellungskataloge</subfield>
   <subfield code="k">Ausstellungskataloge</subfield>
   <subfield code="k">Orte E</subfield>
   <subfield code="k">Essen</subfield>
   <subfield code="0">(DE-627)1271884690</subfield>
   <subfield code="0">(DE-625)rvk/93475:</subfield>
   <subfield code="0">(DE-576)201884690</subfield>
  </datafield>
  <datafield tag="936" ind1="b" ind2="k">
   <subfield code="a">20.31</subfield>
   <subfield code="j">Bildende Künstler</subfield>
   <subfield code="0">(DE-627)181571080</subfield>
  </datafield>
  <datafield tag="936" ind1="b" ind2="k">
   <subfield code="a">21.42</subfield>
   <subfield code="j">Geschichte der Photographie</subfield>
   <subfield code="0">(DE-627)106405713</subfield>
  </datafield>
  <datafield tag="951" ind1=" " ind2=" ">
   <subfield code="a">BO</subfield>
  </datafield>
  <datafield tag="990" ind1=" " ind2=" ">
   <subfield code="a">Keetman, Peter</subfield>
  </datafield>
  <datafield tag="990" ind1=" " ind2=" ">
   <subfield code="a">Fotografie</subfield>
  </datafield>
  <datafield tag="991" ind1=" " ind2=" ">
   <subfield code="a">Rezensiertes Werk</subfield>
  </datafield>
  <datafield tag="999" ind1=" " ind2=" ">
   <subfield code="a">KXP-PPN861837339</subfield>
   <subfield code="e">410803242X</subfield>
  </datafield>
 </record>
</collection>
